20è Trofeu Ciclista Ciutat de l'Hospitalet. VIII Memorial M. Ortega Yeste : 15 d'octubre de 1995 / organitza: Unión Ciclista l'Hospitalet 15 d'octubre de 1995 / organitza:
Descripción Física:
[48] p. ; 30 cm
Otros Autores:
Unión Ciclista l'Hospitalet
MARC
| LEADER | 00000nam a2200000Ia 4500 | ||
|---|---|---|---|
| 001 | 14938 | ||
| 008 | 160829s1995 xx 000 0 cat d | ||
| 080 | |a FU-32-33 | ||
| 100 | |a Trofeu Ciclista Ciutat de l'Hospitalet (20è : 1995 : l'Hospitalet de Llobregat) |9 35692 | ||
| 245 | |a 20è Trofeu Ciclista Ciutat de l'Hospitalet. VIII Memorial M. Ortega Yeste : |b 15 d'octubre de 1995 / organitza: |b Unión Ciclista l'Hospitalet | ||
| 260 | |a [Hospitalet de Llobregat] : |b [s.n.], |c 1995 | ||
| 300 | |a [48] p. ; |c 30 cm | ||
| 590 | |a Col·labora: Ajuntament de l'Hospitalet i altres entitats | ||
| 650 | |a Curses ciclistes |x l'Hospitalet de Llobregat |9 35693 | ||
| 700 | |a Unión Ciclista l'Hospitalet |9 35694 | ||
| 710 | 1 | |a Hospitalet de Llobregat (Catalunya). |b Ajuntament |9 52871 | |
| 901 | |a Arxiu | ||
| 942 | |n 1 | ||
| 952 | |0 0 |1 0 |4 0 |6 FU3233 |7 1 |9 47031 |a Arxiu |b Arxiu |d 2016-12-01 |l 0 |o FU-32-33 |p 14938 |r 2016-12-01 00:00:00 |w 2016-12-01 |y ARXIU | ||
| 999 | |c 50824 |d 50824 | ||